Bez fronty u přepážky

Home banking. Riziko zavírenia. Telebanking. Smer toku dát. Komunikácia v rámci systému (on-line, off-line). Stupeň automatizácie zasielania príkazov. Účtovanie poplatkov. Programové nadstavby: Fores, Office Line 2.5.

Enregistré dans:
Détails bibliographiques
Auteur principal: Pegner, Martin
Format: Chapitre de livre
Langue:tchèque
Sujets:
Tags: Ajouter un tag
Pas de tags, Soyez le premier à ajouter un tag!

MARC

LEADER 00000naa a2200000 4500
001 r022472
005 20230612110833.1
041 0 |a cze 
044 |a CZ 
245 1 0 |a Bez fronty u přepážky  |c M. Pegner 
520 |a Home banking. Riziko zavírenia. Telebanking. Smer toku dát. Komunikácia v rámci systému (on-line, off-line). Stupeň automatizácie zasielania príkazov. Účtovanie poplatkov. Programové nadstavby: Fores, Office Line 2.5. 
610 2 0 |a technika výpočtová 
610 2 0 |a softvér 
610 2 0 |a bankovníctvo 
610 2 0 |a homebanking 
100 1 |a Pegner, Martin